The Endurance of Palestinian Political Factions : An Everyday Perspective from Nahr el-Bared Camp.

A free open access ebook is available upon publication. Learn more atwww.luminosoa.org. The Endurance of Palestinian Political Factions is an ethnographic study of Palestinian political factions in Lebanon through an immersion in daily home life. Perla Issa asks how political factions remain the cen...

Full description

Bibliographic Details
Main Author: Issa, Perla.
Format: eBook
Language:English
Published: Berkeley : University of California Press, 2021.
Edition:1st ed.
Series:New Directions in Palestinian Studies
Subjects:
Online Access:Click to View
LEADER 02511nam a22003973i 4500
001 EBC6894846
003 MiAaPQ
005 20231204023221.0
006 m o d |
007 cr cnu||||||||
008 231204s2021 xx o ||||0 eng d
020 |a 9780520380608  |q (electronic bk.) 
020 |z 9780520380592 
035 |a (MiAaPQ)EBC6894846 
035 |a (Au-PeEL)EBL6894846 
035 |a (OCoLC)1233023069 
040 |a MiAaPQ  |b eng  |e rda  |e pn  |c MiAaPQ  |d MiAaPQ 
082 0 |a 325.21095692 
100 1 |a Issa, Perla. 
245 1 4 |a The Endurance of Palestinian Political Factions :  |b An Everyday Perspective from Nahr el-Bared Camp. 
250 |a 1st ed. 
264 1 |a Berkeley :  |b University of California Press,  |c 2021. 
264 4 |c Ã2021. 
300 |a 1 online resource (184 pages) 
336 |a text  |b txt  |2 rdacontent 
337 |a computer  |b c  |2 rdamedia 
338 |a online resource  |b cr  |2 rdacarrier 
490 1 |a New Directions in Palestinian Studies ;  |v v.3 
520 |a A free open access ebook is available upon publication. Learn more atwww.luminosoa.org. The Endurance of Palestinian Political Factions is an ethnographic study of Palestinian political factions in Lebanon through an immersion in daily home life. Perla Issa asks how political factions remain the center of political life in the Palestinian camps in the face of mounting criticism. Through an examination of the daily, mundane practices of refugees in Nahr el-Bared camp in particular, this book shows how intimate, interpersonal, and kin-based relations are transformed into political networks and offers a fresh analysis of how those networks are in turn metamorphosed into political structures. By providing a detailed and intimate account of this process, this book reveals how factions are produced and reproduced in everyday life despite widespread condemnation. 
588 |a Description based on publisher supplied metadata and other sources. 
590 |a Electronic reproduction. Ann Arbor, Michigan : ProQuest Ebook Central, 2023. Available via World Wide Web. Access may be limited to ProQuest Ebook Central affiliated libraries.  
655 4 |a Electronic books. 
776 0 8 |i Print version:  |a Issa, Perla  |t The Endurance of Palestinian Political Factions  |d Berkeley : University of California Press,c2021  |z 9780520380592 
797 2 |a ProQuest (Firm) 
830 0 |a New Directions in Palestinian Studies 
856 4 0 |u https://ebookcentral.proquest.com/lib/matrademy/detail.action?docID=6894846  |z Click to View